00293nam a2200109Ia 4500008004100000041000800041082001600049100002300065245003700088260004300125300001500168240624s9999 xx 000 0 und d aeng a005.133 JOS aJOSUTTIS NICOLAI M aOBJECT ORIENTED PROGRAMMING IN C c2003aNew DelhibWiley Dreamtech India axii, : 610